Studies in the pragmatics of discourse /

Bibliographic Details
Main Author: Dijk, Teun A. van, 1943-
Format: Book
Language:English
Published: The Hague ; New York : Mouton, [1981]
Series:Janua linguarum. Series maior ; 101.
Subjects:

MARC

Tag First Indicator Second Indicator Subfields
LEADER 00000cam a22000008a 4500
001 in00000072819
005 20151008054633.0
008 810715s1981 ne b 00110 eng
010 |a  81011213  
020 |a 9027932492 :  |c $33.00 (est.) 
035 |a (OCoLC)07653366 
035 |9 AAJ1240AM 
039 0 |a 2  |b 3  |c 3  |d 3  |e 3 
040 |a DLC  |c DLC  |d OCL  |d TXA  |d UtOrBLW 
049 |a TXAM  |c [1672420] 
050 0 0 |a P302  |b .D473 
082 0 |a 401/.41  |2 19 
100 1 |a Dijk, Teun A. van,  |d 1943- 
245 1 0 |a Studies in the pragmatics of discourse /  |c Teun A. van Dijk. 
263 |a 8109 
264 1 |a The Hague ;  |a New York :  |b Mouton,  |c [1981] 
264 4 |c ©1981 
300 |a xii, 331 pages ;  |c 24 cm. 
336 |a text  |b txt  |2 rdacontent 
337 |a unmediated  |b n  |2 rdamedia 
338 |a volume  |b nc  |2 rdacarrier 
490 1 |a Janua linguarum : Series maior ;  |v 101 
500 |a Includes index. 
504 |a Bibliography: pages [319]-326. 
650 0 |a Discourse analysis. 
650 0 |a Pragmatics. 
650 0 |a Speech acts (Linguistics) 
830 0 |a Janua linguarum.   |p Series maior ;  |v 101. 
999 |a MARS 
999 f f |s 2623c997-5436-357c-93f3-973f119f3985  |i 6fc715b2-2394-35f5-baa3-1f37efa15f2a  |t 0 
952 f f |p ric  |a Texas A&M University  |b Rellis Campus  |c Joint Library Facility  |s JLF  |d Remote Storage  |t 0  |e P302 .D473  |h Library of Congress classification  |i unmediated -- volume  |m A14806172438 
998 f f |a P302 .D473  |t 0  |l Remote Storage